| 000 | 00462nam a22001577a 4500 | ||
|---|---|---|---|
| 003 | OSt | ||
| 008 | 260423b |||||||| |||| 00| 0 eng d | ||
| 082 |
_a634.55 _bB55S |
||
| 100 | _aBishwas, Ramesh Chandra | ||
| 245 | _aStudies onn the Floral Biology, Fruit set and Fruit Development in K. Lime (Citrus aurantiifolia swingle) | ||
| 260 |
_aBAU, Sabour _bRAU, Sabour _c1986 |
||
| 300 | _a68P. | ||
| 502 |
_bMsc. _d1986 |
||
| 650 | _aHorticulture | ||
| 942 |
_2ddc _cT |
||
| 999 |
_c50112 _d50112 |
||